„Beste Drama Serien“ Emmy Preisträger - Sudden Death - Statistiken

Allgemein
  • Dieses Quiz wurde 11 mal gespielt
  • Das Durchschnittsergebnis liegt bei 3 aus 14
Answers on the Grid
Answers color-coded by a green-red scale on the quiz's grid according to % correct below.
Die Sopranos
Law & Order
Six Feet Under
Dr. House
Dexter
Lost
Breaking Bad
Mad Man
Game of Thrones
House of Cards
Downton Abbey
True Detective
Better Call Saul
The Crown
Succesion
The Pitt
Practice
L.A. Law
24
Grey‘s Anatomy
Good Wife
Homeland
Mr. Robot
Stranger Things
Akte X
Raumschiff Enterprise
Cagney & Lacey
Monk
 
Antwortstatistiken
Antwort % Korrekt
The Crown
50%
Breaking Bad
38%
Die Sopranos
38%
Game of Thrones
38%
Homeland
25%
L.A. Law
25%
Mad Man
25%
Succesion
25%
24
0%
Cagney & Lacey
0%
Law & Order
0%
Lost
0%
Practice
0%
The Pitt
0%
Keine übereinstimmenden Quizze gefunden
Verteilung der Resultate
Anzahl Personen mit jedem Resultat
Perzentil nach korrekt beantworteten Fragen
Ihre Resultats-Entwicklung
Sie haben dieses Quiz noch nicht gespielt